Construction contract law (Record no. 103216)

MARC details
000 -LEADER
fixed length control field 02176cam a2200469 4500
008 - FIXED-LENGTH DATA ELEMENTS--GENERAL INFORMATION
fixed length control field 031117n2004 000 0 eng u
020 ## - INTERNATIONAL STANDARD BOOK NUMBER
International Standard Book Number 0333980875
035 ## - SYSTEM CONTROL NUMBER
System control number (Sirsi) u124352
041 ## - LANGUAGE CODE
Language code of text/sound track or separate title eng
050 ## - LIBRARY OF CONGRESS CALL NUMBER
Classification number 692.8
-- 18
100 ## - MAIN ENTRY--PERSONAL NAME
Personal name Adriaanse, John
245 ## - TITLE STATEMENT
Title Construction contract law
Remainder of title the essentials
260 ## - PUBLICATION, DISTRIBUTION, ETC.
Place of publication, distribution, etc. Basingstoke
Name of publisher, distributor, etc. Palgrave Macmillan
Date of publication, distribution, etc. 2004
300 ## - PHYSICAL DESCRIPTION
Extent xxviii, 362p.
Dimensions 24cm.
350 ## - PRICE (NR) (BK AM CF MU VM SE) [OBSOLETE]
Price 26.99
505 ## - FORMATTED CONTENTS NOTE
Formatted contents note Nature of construction contracts
505 ## - FORMATTED CONTENTS NOTE
Formatted contents note Outline of the law of obligations
505 ## - FORMATTED CONTENTS NOTE
Formatted contents note The formation of construction contracts
505 ## - FORMATTED CONTENTS NOTE
Formatted contents note Consideration
505 ## - FORMATTED CONTENTS NOTE
Formatted contents note The role of the architect and the engineer
505 ## - FORMATTED CONTENTS NOTE
Formatted contents note The main obligations of the contractor
505 ## - FORMATTED CONTENTS NOTE
Formatted contents note The main obligations of the employer
505 ## - FORMATTED CONTENTS NOTE
Formatted contents note Time and provision for delay
505 ## - FORMATTED CONTENTS NOTE
Formatted contents note Variations and the right to payment
505 ## - FORMATTED CONTENTS NOTE
Formatted contents note Payment and certification
505 ## - FORMATTED CONTENTS NOTE
Formatted contents note Sub-contracting
505 ## - FORMATTED CONTENTS NOTE
Formatted contents note Supply contracts
505 ## - FORMATTED CONTENTS NOTE
Formatted contents note Design liability of professionals and contractors
505 ## - FORMATTED CONTENTS NOTE
Formatted contents note Liabilities post completion
505 ## - FORMATTED CONTENTS NOTE
Formatted contents note Determination and damages
505 ## - FORMATTED CONTENTS NOTE
Formatted contents note Methods of dispute resolution
520 ## - SUMMARY, ETC.
Summary, etc. Aimed primarily at students on construction management or building and surveying courses, this book covers the key areas of construction contract law, including its practical application. Key topics include: the interaction within construction contracts of the law of contract, tort and restitution; the relationship between common law and standard forms of contract; and the introduction of the Housing Grants, Construction and Regeneration Act 1996 Part II. Tables of cases, statutes and regulations. Bibliography.
520 ## - SUMMARY, ETC.
Summary, etc. Superseded by second edition (ISBN 9780230521650).
650 ## - SUBJECT ADDED ENTRY--TOPICAL TERM
Topical term or geographic name entry element BUILT ENVIRONMENT-BUILDING CONTRACT FORMS
650 ## - SUBJECT ADDED ENTRY--TOPICAL TERM
Topical term or geographic name entry element BUILT ENVIRONMENT-BUILDING CONTRACT FORMS
650 ## - SUBJECT ADDED ENTRY--TOPICAL TERM
Topical term or geographic name entry element CONTRACT LAW
650 ## - SUBJECT ADDED ENTRY--TOPICAL TERM
Topical term or geographic name entry element BUILT ENVIRONMENT-BUILDING CONTRACT FORMS-STANDARD FORMS OF BUILDING CONTRACT-JOINT CONTRACTS TRIBNUAL CONTRACTS
650 ## - SUBJECT ADDED ENTRY--TOPICAL TERM
Topical term or geographic name entry element BUILDING CONTRACTORS
690 ## - LOCAL SUBJECT ADDED ENTRY--TOPICAL TERM (OCLC, RLIN)
Topical term or geographic name as entry element BUILT ENVIRONMENT-BUILDING CONTRACT FORMS
942 ## - ADDED ENTRY ELEMENTS (KOHA)
Suppress in OPAC 0
Holdings
Withdrawn status Lost status Source of classification or shelving scheme Damaged status Not for loan Home library Current library Shelving location Date acquired Cost, normal purchase price Total Checkouts Full call number Barcode Date last seen Date last checked out Copy number Cost, replacement price Price effective from Koha item type
    Dewey Decimal Classification     London London Basement 17/11/2004 23.99 36 BASEMENT 61 30069627 06/08/2019 29/12/2009 1 23.99 06/08/2019 Book